| 000 | 00447nam a2200169Ia 4500 | ||
|---|---|---|---|
| 999 |
_c28988 _d28988 |
||
| 003 | OSt | ||
| 005 | 20250602105529.0 | ||
| 008 | 250310s9999||||xx |||||||||||||| ||und|| | ||
| 020 | _a81-7598-034-6 | ||
| 040 | _c. | ||
| 082 |
_a623.865 _bI339 |
||
| 100 |
_975 _aInternational Maritime Organization |
||
| 245 | 0 |
_aInternational code for fire safety systems (FSS code) / _cIMO |
|
| 260 |
_aLondon : _bIMO _c2001. |
||
| 300 | _a260p. | ||
| 942 |
_cBK _2ddc |
||